书目信息 |
| 题名: |
正义的激情
|
|
| 作者: | 鄢烈山 著 | |
| 分册: | ||
| 出版信息: | 呼和浩特 远方出版社 1997.12 |
|
| 页数: | 201页 | |
| 开本: | 21cm | |
| 丛书名: | 百角丛书 | |
| 单 册: | ||
| 中图分类: | I267 | |
| 科图分类: | ||
| 主题词: | 杂文--za wen--中国--现代--选集 | |
| 电子资源: | ||
| ISBN: | 7-80595-415-1 | |
| 000 | 00894nam 2200253 450 | |
| 001 | 012008873593 | |
| 005 | 20080424133701.96 | |
| 010 | @a7-80595-415-1@dCNY10.00 | |
| 100 | @a20080424d1997 km y0chiy0120 ea | |
| 101 | 0 | @achi |
| 102 | @aCN@b150000 | |
| 105 | @ay z 000zy | |
| 106 | @ar | |
| 200 | 1 | @a正义的激情@Azheng yi de ji qing@f鄢烈山著@Fyan lie shan zhu |
| 210 | @a呼和浩特@c远方出版社@d1997.12 | |
| 215 | @a201页@d21cm | |
| 225 | 2 | @a百角丛书@Abai jiao cong shu@f贺雄飞主编@v第1辑 |
| 330 | @a本书内容包括:“文件”的颜色与效力、另一种“形势教育”、耐人寻味的表态、“小洋楼”在挑战、调子的高低、爱国与改革、跳出“运动”思维模式等。 | |
| 410 | 0 | @12001 @a百角丛书@1701 0@a贺雄飞@Ahe xiong fei@4主编 |
| 606 | 0 | @a杂文@Aza wen@y中国@z现代@j选集 |
| 690 | @aI267@v4 | |
| 701 | 0 | @a鄢烈山@Ayan lie shan@4著 |
| 801 | 0 | @aCN@bQSSK@c20080424 |
| 905 | @b20703201-03@dI267@eY034@f6 | |
| 正义的激情/鄢烈山著.-呼和浩特:远方出版社,1997.12 |
| 201页;21cm.-(百角丛书/贺雄飞主编;第1辑) |
| ISBN 7-80595-415-1:CNY10.00 |
| 本书内容包括:“文件”的颜色与效力、另一种“形势教育”、耐人寻味的表态、“小洋楼”在挑战、调子的高低、爱国与改革、跳出“运动”思维模式等。 |
| ● |
| 相关链接 |
|
|
|
正题名:正义的激情
索取号:I267/Y034
 
预约/预借
| 序号 | 登录号 | 条形码 | 馆藏地/架位号 | 状态 | 备注 |
| 1 | 703201 | 207032012 | 社科二线422/422社科库 25排1列6层/ [索取号:I267/Y034] | 在馆 | |
| 2 | 703202 | 207032021 | 文学库116/116文学库 7排5列4层/ [索取号:I267/Y034] | 在馆 | |
| 3 | 703203 | 207032030 | 文学库116/116文学库 7排5列4层/ [索取号:I267/Y034] | 在馆 |